Podunajsko - významná oblasť cestovného ruchu. 2
Analýza návštevnosti regiónu Podunajska ako významnej oblasti cestovného ruchu. Analýza štruktúry zahraničných a domácich turistov. Zameranie budúceho rozvoja tohto regiónu, najmä v intenzifikácii cestovného ruchu a budovanie siete obslužných zariadení. Formulácia jednotlivých bodov koncepcie budova...
Na minha lista:
| Autor principal: | |
|---|---|
| Formato: | Capítulo de Livro |
| Idioma: | eslovaco |
| Assuntos: | |
| Tags: |
Sem tags, seja o primeiro a adicionar uma tag!
|
MARC
| LEADER | 00000naa a2200000 4500 | ||
|---|---|---|---|
| 001 | r017666 | ||
| 005 | 20221213101511.2 | ||
| 041 | 0 | |a slo | |
| 044 | |a SK | ||
| 245 | 1 | 0 | |a Podunajsko - významná oblasť cestovného ruchu. 2 |c Vincent Sniščák |
| 520 | |a Analýza návštevnosti regiónu Podunajska ako významnej oblasti cestovného ruchu. Analýza štruktúry zahraničných a domácich turistov. Zameranie budúceho rozvoja tohto regiónu, najmä v intenzifikácii cestovného ruchu a budovanie siete obslužných zariadení. Formulácia jednotlivých bodov koncepcie budovania siete obslužných zariadení. | ||
| 610 | 2 | 0 | |a ruch cestovný |
| 610 | 2 | 0 | |a Podunajsko |
| 610 | 2 | 0 | |a regióny |
| 610 | 2 | 0 | |a koncepcie |
| 610 | 2 | 0 | |a služby |
| 610 | 2 | 0 | |a propagácia |
| 610 | 2 | 0 | |a Slovensko |
| 100 | 1 | |a Sniščák, Vincent | |